000 00666nam a22002057a 4500
003 OSt
005 20260520150528.0
008 260520b |||||||| |||| 00| 0 eng d
020 _a9780393937251
040 _cChuka University Library
050 _aML 3534 .C6 2015 C.3
100 _aCovach John
_924764
245 _aWhat's that sound?
_bAn introduction to rock and its history
250 _a4th edition
260 _aNew York. London
_bW. W. Norton and Company
_c2015
300 _avarious pagings
_bIllustrations
650 _aRock music----History and criticism
_925683
650 _aIntroduction to rock music and its evolution
_925983
942 _2lcc
_cBK
_n0
999 _c22693
_d22693